Państwa po kawałkach flag #8 - Statystyki

Ogólne statystyki
  • Ten quiz został rozwiązany 8 razy
  • Średni wynik to 10 z 16
Statystyki odpowiedzi
Obrazkowy Odpowiedź % Poprawnych
Holandia
100%
Rumunia | Czad
86%
Wybrzeże Kości Słoniowej
86%
Trynidad i Tobago
71%
Antigua i Barbuda
57%
Gwinea Równikowa
57%
Lesotho
57%
Malediwy
57%
Mozambik
57%
Samoa
57%
Surinam
57%
Timor Wschodni
57%
Palau
43%
Rwanda
43%
Sudan
43%
Sudan Południowy
29%
Nie znaleziono quizów pasujących do podanych kryteriów
Rozkład punktacji
Procent ludzi z każdym wynikiem
Percentyl według liczby udzielonych odpowiedzi
Twoja historia wyników
Nie rozwiązałeś tego quizu